Improvised cutter heater with temperature controller : (Record no. 5118)

MARC details
000 -LEADER
fixed length control field 01276nam a22002897a 4500
003 - CONTROL NUMBER IDENTIFIER
control field OSt
005 - DATE AND TIME OF LATEST TRANSACTION
control field 20260413024052.0
008 - FIXED-LENGTH DATA ELEMENTS--GENERAL INFORMATION
fixed length control field 260406b |||||||| |||| 00| 0 eng d
040 ## - CATALOGING SOURCE
Language of cataloging English.
Transcribing agency CvSU-CCAT Campus Library.
Description conventions rda.
050 ## - LIBRARY OF CONGRESS CALL NUMBER
Classification number UM TJ 280
Item number G83 2007
100 ## - MAIN ENTRY--PERSONAL NAME
Personal name Gudito, Joelito, A., author
9 (RLIN) 20188
245 ## - TITLE STATEMENT
Title Improvised cutter heater with temperature controller :
Remainder of title a technical feasibility /
Statement of responsibility, etc. Joelito A. Gudito, Ceasar A. Malabanan, John Christopher B. Celis.
260 ## - PUBLICATION, DISTRIBUTION, ETC.
Place of publication, distribution, etc. Rosario, Cavite :
Name of publisher, distributor, etc. Cavite State University-CCAT Campus,
Date of publication, distribution, etc. 2007
300 ## - PHYSICAL DESCRIPTION
Extent ii, 28 leaves :
Other physical details illustrations ;
Dimensions 28 cm
500 ## - GENERAL NOTE
General note Feasibility Study (BSIT) -- Cavite State University-CCAT Campus, 2007
504 ## - BIBLIOGRAPHY, ETC. NOTE
Bibliography, etc. note Includes bibliographical references and appendices.
546 ## - LANGUAGE NOTE
Language note In English text
650 #0 - SUBJECT ADDED ENTRY--TOPICAL TERM
Topical term or geographic name entry element Heating devices
9 (RLIN) 20187
General subdivision Design and construction
650 #0 - SUBJECT ADDED ENTRY--TOPICAL TERM
Topical term or geographic name entry element Temperature control
9 (RLIN) 5696
General subdivision Equipment and design
650 ## - SUBJECT ADDED ENTRY--TOPICAL TERM
Topical term or geographic name entry element Feasibility stuides
9 (RLIN) 20189
650 #0 - SUBJECT ADDED ENTRY--TOPICAL TERM
Topical term or geographic name entry element Cutting tools
9 (RLIN) 17115
General subdivision Heating
700 ## - ADDED ENTRY--PERSONAL NAME
Personal name Malabanan, Ceasar A., author.
9 (RLIN) 20190
700 ## - ADDED ENTRY--PERSONAL NAME
Personal name Celis, John Christopher B., author.
9 (RLIN) 20191
700 ## - ADDED ENTRY--PERSONAL NAME
Personal name Alog, Gregorio M., adviser
9 (RLIN) 16141
942 ## - ADDED ENTRY ELEMENTS (KOHA)
Source of classification or shelving scheme Library of Congress Classification
Koha item type Thesis/Manuscripts/Dissertations
Classification part TJ 280 G83 2007
Call number prefix UM
Holdings
Withdrawn status Lost status Source of classification or shelving scheme Damaged status Not for loan Collection code Home library Current library Shelving location Date acquired Coded location qualifier Total Checkouts Full call number Barcode Date last seen Copy number Price effective from Koha item type
    Library of Congress Classification     Thesis/Manuscript/Dissertation Cavite State University - CCAT Campus Cavite State University - CCAT Campus TH 03/12/2007 UM   UM TJ 280 G83 2007 T0000296 04/06/2026 1 04/06/2026 Thesis/Manuscripts/Dissertations